Deutsche Fußball-Nationalspieler 2012 - Statistiken

Allgemein
  • Dieses Quiz wurde 108 mal gespielt
  • Das Durchschnittsergebnis liegt bei 19 aus 30
Antwortstatistiken
Hint Antwort % Korrekt
Tor Manuel Neuer
98%
Abwehr Philipp Lahm
94%
Abwehr Mats Hummels
91%
Angriff Miroslav Klose
91%
Abwehr Jérôme Boateng
90%
Mittelfeld Bastian Schweinsteiger
85%
Mittelfeld Mesut Özil
84%
Mittelfeld Toni Kroos
84%
Mittelfeld Thomas Müller
80%
Angriff Mario Gomez
79%
Angriff Lukas Podolski
78%
Tor Marc-André ter Stegen
78%
Mittelfeld Sami Khedira
78%
Abwehr Per Mertesacker
73%
Mittelfeld Mario Götze
72%
Mittelfeld Marco Reus
71%
Abwehr Benedikt Höwedes
67%
Angriff André Schürrle
66%
Tor Ron-Robert Zieler
66%
Mittelfeld İlkay Gündoğan
51%
Tor Tim Wiese
47%
Abwehr Marcel Schmelzer
43%
Mittelfeld Lars Bender
38%
Mittelfeld Sven Bender
38%
Abwehr Holger Badstuber
37%
Mittelfeld Julian Draxler
37%
Angriff Cacau
26%
Abwehr Dennis Aogo
22%
Mittelfeld Lewis Holtby
12%
Mittelfeld Roman Neustädter
8%
Keine übereinstimmenden Quizze gefunden
Verteilung der Resultate
Anzahl Personen mit jedem Resultat
Perzentil nach korrekt beantworteten Fragen
Ihre Resultats-Entwicklung
Sie haben dieses Quiz noch nicht gespielt